Dance Moms Qutoes - Statistics

General Stats
  • This quiz has been taken 948 times
  • The average score is 7 of 15
Answer Stats
Hint Answer % Correct
Save your tears for the ____ pillow
95%
Sometimes I just want to stay home and eat ___ chips
82%
Everyones ______ replaceable
79%
Second is the ____ to ____ first lose
74%
Stop _____ thats why you're ___ eating fat
68%
Well, you're entitled to your wrong ____ and thats fine opinion
61%
She's like putting ____ on a pig lipstick
52%
Laquifa what
50%
Sacraficial lamb
48%
Those legs are as straight as Elton John
43%
You are a ______ of evil monstrosity
32%
Peg-leg ___ paige
23%
I dont sweat, I glisten
19%
I dont _____ when Im with my kids I _____ when Im in college double fist
12%
_______ THE SEQUEL WHORE
7%
No matching quizzes found
Score Distribution
Percent of People with Each Score
Percentile by Number Answered
Your Score History
You have not taken this quiz